Statistics for 2003 First Round NBA Draft Picks Quiz

Click here to take the quiz!

General Stats

  • This quiz has been taken 8,784 times
  • The average score is 6 of 29

Answer Stats

PickTeamFrom ...Player% Correct
1CavaliersHigh SchoolLebron James
100%
3NuggetsSyracuseCarmelo Anthony
93%
5HeatMarquetteDwyane Wade
93%
4RaptorsGeorgia TechChris Bosh
85%
2PistonsEuropeDarko Milicic
66%
7BullsKansasKirk Hinrich
25%
6ClippersCentral MichiganChris Kaman
24%
18HornetsXavierDavid West
14%
8BucksTexasT.J. Ford
14%
29MavericksWake ForestJosh Howard
11%
12SonicsKansasNick Collison
10%
20CelticsDukeDahntay Jones
9%
21HawksEuropeBoris Diaw
7%
27GrizzliesHigh SchoolKendrick Perkins
7%
14SonicsOregonLuke Ridnour
7%
9KnicksGeorgetownMichael Sweetney
7%
10WizardsGeorgiaJarvis Hayes
6%
28SpursSouth AmericaLeandro Barbosa
6%
24LakersIllinoisBrian Cook
5%
11WarriorsEuropeMickael Pietrus
5%
23TrailblazersHigh SchoolTravis Outlaw
5%
16CelticsBoston CollegeTroy Bell
5%
25PistonsSouth AmericaCarlos Delfino
4%
13GrizzliesUNLVMarcus Banks
4%
26T WolvesHigh SchoolNdubi Ebi
4%
15MagicLouisvilleReece Gaines
4%
19JazzEuropeSasha Pavlovic
4%
17SunsEuropeZarko Cabarkapa
4%
22NetsEuropeZoran Planinic
4%

Score Distribution

Percentile by Number Answered

Percent of People with Each Score

Your Score History

You have not taken this quiz